01790nam a22001697a 4500999001700000082002900017100008100046245007600127260003000203300000800233500110800241700004101349856003201390942001101422952008501433952010201518 c64780d64777 aR/IMS-19a13-12MS(IT)-28 aBuller, Rafique Ahmed a13-12MS(IT)-28aSupervisor - Dr. Zahid Hussain Abro aAnalysing the Usability of Eductional Boards Websites of Sindh Province aNawabshah:bQUEST,c2019. a50p aABSTRACT With the widespread use of the Internet technology every government organization maintains its own website. Although there is little work done for the usability evaluation of Pakistani educational websites but it seems that no work has been conducted for Pakistani Boards of Intermediate and Secondary Education (BISE) websites, particularly, the ones in the Sindh province. Through these websites, secondary and higher secondary results are announced it means that man) users visit these websites. Keeping in mind he massive youth population of Sindh province, there was need to evaluate the usefulness of these websites for providing the better services to their intended users. In this research study, usability evaluation of these websites was conducted through expert review and a questionnaire. Through expert review many usability problems were found. As the results show that man) usability problems do exist in these websites so these need to be fixed in order to provide better service to their targeted users. Keywords: BISE, Expert Evaluation, SUS Questionnaire, User Preference  aDepartment 0f Information technology uhttp://tinyurl.com/3m2bswx4 cTHESIS 00104070aRESEARCHbREFd2019-07-01l0pMP/44-499r2019-07-01 00:00:00yTHESIS 00104070aRESEARCHbRESEARCHd2023-12-20l0pMP/53-660r2023-12-20 00:00:00w2023-12-20yTHESIS